La educación sexual integral como expresión del debate pedagógico /

محفوظ في:
التفاصيل البيبلوغرافية
المؤلف الرئيسي: Morgade, Graciela
التنسيق: نص
الوسوم: إضافة وسم
لا توجد وسوم, كن أول من يضع وسما على هذه التسجيلة!

MARC

LEADER 00000 a a2200000 04500
001 44792
003
040
100 |a Morgade, Graciela  
245 |a La educación sexual integral como expresión del debate pedagógico /  |c Graciela Morgade  
773 |g páginas 85-94  
999 |c 28381  |d 28381